000 00985nam a22002657a 4500
999 _c22150
_d22150
003 AR-CdUCM
008 190429b ||||| |||| 00| 0 spa d
040 _aMUNICIPALIDAD PROVINCIAL DEL CUSCO
_cBIBLIOTECA MUNICIPAL DEL CUSCO
082 _aKuntur/N°4-5/1978
245 _aKuntur :
_brevista literaria /
_cJuan Cancio Anco Cayo, Director
260 _aSicuani.
_b[sn],
_c1978.
300 _a100 páginas. :
_c17 cm.
440 _aKuntur revista literaria.
_nN°4, 5, abril de 1978.
_947539
505 _aContenido: Poemas. Las puertas de la noche. Noche Jubilosa. Peregrino. ...
650 _aPoesía cusqueña
_92323
650 _aPoetas cusqueños
_95956
650 _aLiteratura cusqueña
_947540
700 _aAguilar Guerra, Blas Valerio
_947541
700 _aQuispe Alanoca, Adrian
_947542
700 _aMendoza Velarde, Obdulia
_947543
700 _aOjeda del Carpio, Luzmila
_947544
700 _aSantander Cascelli, Víctor
_947545
942 _2ddc
_cPP
945 _arac